The story of the world's literature / (Record no. 17165)
[ view plain ]
| 000 -LEADER | |
|---|---|
| fixed length control field | 00889cam a22002651 4500 |
| 001 - CONTROL NUMBER | |
| control field | 17165 |
| 003 - CONTROL NUMBER IDENTIFIER | |
| rucl marc code | BD-RjUL |
| 005 - DATE AND TIME OF LATEST TRANSACTION | |
| control field | 20211209000111.0 |
| 008 - FIXED-LENGTH DATA ELEMENTS--GENERAL INFORMATION | |
| fixed length control field | 140216r1965 192ac b 001 0 eng d |
| 035 ## - SYSTEM CONTROL NUMBER | |
| System control number | (BD-RjUL)17222 |
| System control number | (OCoLC)4310068 |
| 040 ## - CATALOGING SOURCE | |
| Original cataloging agency | DLC |
| Transcribing agency | OkTahN |
| Modifying agency | OkTahN |
| -- | OCoLC |
| -- | DLC |
| -- | BD-RjUL |
| Language of cataloging | eng |
| 041 ## - LANGUAGE CODE | |
| Language code of text/sound track or separate title | eng |
| 082 00 - DEWEY DECIMAL CLASSIFICATION NUMBER | |
| Classification number | 809 |
| Author mark and year | MAS 1965 |
| 100 1# - MAIN ENTRY--PERSONAL NAME | |
| Personal name | Macy, John Albert, |
| Dates associated with a name | 1877-1932. |
| 9 (RLIN) | 52939 |
| 245 14 - TITLE STATEMENT | |
| Title | The story of the world's literature / |
| Statement of responsibility, etc. | by John Macy; illustrated by Onorio Ruotolo. |
| 260 ## - PUBLICATION, DISTRIBUTION, ETC. (IMPRINT) | |
| Place of publication, distribution, etc. | New York : |
| Name of publisher, distributor, etc. | Boni & Liveright, |
| Date of publication, distribution, etc. | c1925 [Reprinted 1965] |
| 300 ## - PHYSICAL DESCRIPTION | |
| Pagination | xxiv, 613 p. : |
| Illustrations | illus., col. ports. (incl. front.) ; |
| Size | 25 cm. |
| 504 ## - BIBLIOGRAPHY, ETC. NOTE | |
| Bibliography, etc | Bibliography: p. [563]-592 and Index |
| 650 #0 - SUBJECT ADDED ENTRY--TOPICAL TERM | |
| Topical term or geographic name as entry element | Literature |
| General subdivision | History and criticism. |
| 9 (RLIN) | 52940 |
| 700 1# - ADDED ENTRY--PERSONAL NAME | |
| Personal name | Ruotolo, Onorio, |
| Relator term | illus. |
| 942 ## - ADDED ENTRY ELEMENTS (KOHA) | |
| Source of classification or shelving scheme | Dewey Decimal Classification |
| Koha item type | Books |
| Lost status | Source of classification or shelving scheme | Damaged status | Not for loan | Collection code | Permanent Location | Current Location | Shelving location | Date acquired | Source of acquisition | Total Checkouts | Full call number | Date last seen | Copy number | Koha item type |
|---|---|---|---|---|---|---|---|---|---|---|---|---|---|---|
| Dewey Decimal Classification | Not For Loan | Non-fiction | Central Library, University of Rajshahi | Central Library, University of Rajshahi | Reading Room | 04/11/1990 | Shaukat Osman Gift | 809 MAS 1965 | 16/02/2014 | C-1 | Books |